000 00502nam a22001577a 4500
005 20251108165247.0
008 250721s1992 xx 000 0 ara d
082 1 4 _a613.85/لطف
100 1 _aالشربيني، لطفي عبد العزيز
245 1 0 _aالتدخين :
_bالمشكلة و الحل و أضمن أسلوب للإقلاع /
264 1 _aالإسكندرية :
_bدار الدعوة،
_c1992.
300 _a123ص
650 1 7 _aالتدخين
942 _2ddc
_cBK
999 _c23469
_d23469